Les antiquites romaines (Record no. 88739)

MARC details
000 -LEADER
campo de control de longitud fija 00818nam a2200241 i 4500
001 - NÚMERO DE CONTROL
campo de control 88739
003 - IDENTIFICADOR DE NÚMERO DE CONTROL
campo de control ES-MaACL
005 - FECHA Y HORA DE LA ÚLTIMA TRANSACCIÓN
campo de control 20230906175921.0
007 - CAMPO FIJO DE DESCRIPCIÓN FÍSICA--INFORMACIÓN GENERAL
campo de control de longitud fija t|
008 - DATOS DE LONGITUD FIJA--INFORMACIÓN GENERAL
campo de control de longitud fija 041220s1990 fr ||||1| fre d
020 ## - NÚMERO INTERNACIONAL ESTÁNDAR DEL LIBRO
Número Internacional Estándar del Libro 2-251-33901-9
080 ## - NÚMERO DE LA CLASIFICACIÓN DECIMAL UNIVERSAL
Número de la Clasificación Decimal Universal 94(37)".../-0030"
100 1# - ENTRADA PRINCIPAL--NOMBRE DE PERSONA
Nombre de persona Dionisio de Halicarnaso.
9 (RLIN) 44855
245 14 - MENCIÓN DEL TÍTULO
Título Les antiquites romaines
Resto del título : livres I et II (Les origines de Rome) /
Mención de responsabilidad, etc. Denys d'Halicarnase ; traduit et commenté par Valerie Fromentin et Jacques Schanèabele.
260 ## - PUBLICACIÓN, DISTRIBUCIÓN, ETC.
Lugar de publicación, distribución, etc. Paris :
Nombre del editor, distribuidor, etc. Les Belles Lettres,
Fecha de publicación, distribución, etc. 1990.
300 ## - DESCRIPCIÓN FÍSICA
Extensión XIX, 303 p. :
Otras características físicas mapas ;
Dimensiones 21 cm.
490 1# - MENCIÓN DE SERIE
Mención de serie La roue a livres
700 1# - ENTRADA AGREGADA--NOMBRE PERSONAL
Nombre de persona Fromentin, Valerie.
9 (RLIN) 52728
700 1# - ENTRADA AGREGADA--NOMBRE PERSONAL
Nombre de persona Schnèabele, Jacques.
9 (RLIN) 132561
830 0# - PUNTO DE ACCESO ADICIONAL DE SERIE-TÍTULO UNIFORME
Título uniforme La roue a livres
9 (RLIN) 184235
852 ## - LOCALIZACIÓN
Ubicación ES-MaACL
Número de control de estantería E-10596
Sublocalización o colección R.134839
Holdings
Estatus retirado Estado de pérdida Estado de daño No para préstamo Biblioteca de origen Biblioteca actual Ubicación en estantería Fecha de adquisición Fuente de adquisición Total de préstamos Signatura topográfica completa Código de barras Visto por última vez Precio de reemplazo Tipo de ítem Koha
        Biblioteca del Ateneo de Madrid Biblioteca del Ateneo de Madrid Depósito 2 17/01/2008     E-10596 1092689 23/02/2023 23/02/2023 Libro impreso